Logo BPK

Biblioteka

Politechniki Koszalińskiej

Obliczenia komputerowe w inżynierii chemicznej / (Rekord nr 18628)

Szczegóły MARC
000 -ETYKIETA REKORDU
podpole kontrolne o stałej długości 00370nam a2200145 i 4500
001 - NUMER KONTROLNY REKORDU
pole kontrolne bg
040 ## - ŹRÓDŁO KATALOGOWANIA
Instytucja, która utworzyła rekord BPK
041 ## - KOD JĘZYKA
Kod języka tekstu pol
008 - POLE O STAŁEJ DŁUGOŚCI - DANE KONTROLNE
podpole kontrolne o stałej długości s pl f |000 0 pol
100 1# - NAZWA OSOBOWA
Nazwa osobowa MYERS, Alan L.
245 #0 - TYTUŁ/ODPOWIEDZIALNOŚĆ
Tytuł Obliczenia komputerowe w inżynierii chemicznej /
Pozostałe elementy strefy tytułu i oznaczenia odpowiedzialności A. Myers, S.D. Warren.
260 ## - STREFA ADRESU WYDAWNICZEGO
Miejsce wydania Warszawa,
Data publikacji, dystrybucji/powstania dokumentu 1979.
700 1# - HASŁO DODATKOWE - NAZWA OSOBOWA
Nazwa osobowa WARREN, D. Seider
856 ## - LOKALIZACJA I DOSTĘP DO ELEKTRONICZNYCH DOKUMENTÓW ZDALNYCH
Link (URL) http://koha.tu.koszalin.pl/cgi-bin/koha/opac-detail.pl?biblionumber=18628
Tekst linku Katalog online BPK
942 ## - DODATKOWE ELEMENTY (KOHA)
Typ dokumentu Książka
Egzemplarze
Wycofany Status egzemplarza Uszkodzony Dostępność Lokalizacja stała Lokalizacja bieżąca Miejsce przechowywania Sygnatura Kod kreskowy Typ dokumentu
      Dostępny Biblioteka Politechniki Koszalińskiej Biblioteka Politechniki Koszalińskiej Wypożyczalnia BG 25990 02118222 Książka
      Dostępny Biblioteka Politechniki Koszalińskiej Biblioteka Politechniki Koszalińskiej Wypożyczalnia BG 25991 01216172 Książka
© 2023 Biblioteka Politechniki Koszalińskiej :: KOHA